95 Popular logos Quiz Stats

 Plays Quiz not verified by Sporcle

Also try: The 'West' Game
Challenge
Share
Tweet
Embed
Score 0/95 Timer 18:00
0 Plays Today
Logo Brands :) % Correct
Popular search siteGoogle
84%
Soda CompanyPepsi
69.1%
Soda CompanyCoca Cola
68.5%
Gas stationShell
61.9%
Space companyNasa
56.4%
social networkFacebook
52.5%
famous chocolate barHershey
50.3%
Popular online shopping placeEbay
47.5%
HeroSuperman
47%
HeroBatman
44.8%
Sports companyNike
43.6%
Search siteYahoo
43.6%
Gas stationBp
43.1%
Social networkTwitter
43.1%
phone serviceAT&T
43.1%
Delivery CompanyUps
42.5%
Popular kid attractionDisney
42%
energy drinkRed bull
42%
phone serviceVerizon
41.4%
HeroSpiderman
39.8%
Channel for pop stars/ reality showsMtv
38.1%
phone serviceT-mobile
37.6%
Chip brand Lays
37%
Popular phone/etc companyApple
37%
camera brandKodak
37%
Delivery companyFedex
35.9%
phone serviceSprint
35.4%
Grocery shopping placeWal Mart
34.3%
Soda companySprite
33.7%
Credit card companyVisa
33.1%
Famous channel for weatherWeather Channel
32%
Social networkMyspace
31.5%
Logo Brands :) % Correct
diaper companyPampers
31.5%
camera companyCanon
30.9%
game console companyXbox
30.4%
sports companyAdidas
30.4%
sports channel/ sports new Espn
27.6%
Popular cheese brandKraft
27.1%
Channel with south park/comediansComedy Central
26%
computer logoDell
22.7%
Search siteBing
22.1%
soda companyMountain Dew
22.1%
Popular Kids toy car brandHot Wheels
21.5%
famous news/ channel companyAbc
21.5%
soda companyFanta
21%
Banking placeBank of America
20.4%
computer logoWindows
19.9%
emailHotmail
19.9%
Credit card companyAmerican express
19.3%
Shopping placeTarget
18.8%
Home & gardening placeHome depot
18.8%
motorcycleHarley Davidson
18.8%
Summertime Drink for kids/anyoneKool Aid
17.7%
music siteYoutube
17.7%
Home & gardening placeLowes
17.1%
computer logoHp
17.1%
tractor/country companyJohn deer
16%
Gas stationExxon
15.5%
hotel companyHoliday inn
15.5%
clothes/name brand companyFox
15.5%
Famous kids/teen/adult channel Nick
15.5%
dictionary siteWikipedia
15.5%
Gas stationChevron
14.4%
email Aol
13.3%
Logo Brands :) % Correct
Lighter brandZippo
12.2%
markers/paint/etcCrayola
11%
Beer companyBud light
11%
Phone CompanyMotorola
10.5%
Grocery shopping placeKmart
10.5%
hotel companyMarriott
10.5%
medicine placeCvs
10.5%
Famour purse/etc logoCoach
9.9%
video game placeGame stop
9.9%
sports/shoe name brand companyPuma
9.9%
Chip logoPringles
9.4%
Grocery shoppin placeKroger
8.8%
Name brand placeSears
8.8%
Market for a phoneAndroid
8.8%
Phone companyVirgin mobile
7.7%
social network siteSkype
7.7%
tire placeGood year
7.2%
soccer logoFifa
6.6%
Camera BrandPanasonic
6.1%
ice creamBaskin Robbin
6.1%
famous video gameGrand Theft Auto
6.1%
Skater shows/etcVans
5%
Famous interacting video gameGuitar Hero
3.3%
Energy drinkMonster Energy
2.8%
movie companyBlock buster
2.8%
movie companyMovie gallery
1.7%
Juice drink brandOcean Spray
1.1%
Popcorn brandJack in the Box
1.1%
Oil companyCastrol
1.1%
movie companyCinemax
0.6%
'hunting/famous redneck ' logoBrowning
0.6%

You're not logged in!

Compare scores with friends on all Sporcle quizzes.
Join for Free
OR
Log In

You Might Also Like...

Show Comments

Extras

Created Jul 11, 2011ReportNominate
Tags:Popular Quiz

Top Quizzes Today


Score Distribution

Your Account Isn't Verified!

In order to create a playlist on Sporcle, you need to verify the email address you used during registration. Go to your Sporcle Settings to finish the process.

Report this User

Report this user for behavior that violates our Community Guidelines.

Details: